| 000 | 00526nam a2200181Ia 4500 | ||
|---|---|---|---|
| 999 |
_c32437 _d32437 |
||
| 003 | OSt | ||
| 005 | 20200810114534.0 | ||
| 008 | 190216s9999||||xx |||||||||||||| ||und|| | ||
| 020 | _a9789332518223 | ||
| 040 | _coclc | ||
| 082 |
_a001.424 _bTAH/O |
||
| 100 |
_aTaha, Hamdy A _93996 |
||
| 245 | 0 |
_aOperations Research An Introduction / _cHamdy A Taha |
|
| 250 | _a9th Ed. | ||
| 260 |
_bPearson Education Asia, _c2011. _aNew Delhi: |
||
| 300 | _a816p | ||
| 942 |
_cBK _2ddc _h001.424 _iTAH/O _k001.424 _mTAH/O |
||